[Event "ESP-chT Autonomicas 5th"]
[Site "Tossa de Mar"]
[Date "2010.05.01"]
[Round "4.46"]
[White "Mauleon Carranza, Nerea"]
[Black "Calvo Fernandez, Isabel"]
[Result "1-0"]
[WhiteElo "1823"]
[BlackElo "1562"]
[PlyCount "69"]
[EventDate "2010.04.29"]
[EventType "team-swiss"]
[EventRounds "6"]
[EventCountry "ESP"]
[SourceTitle "CBM 136 Extra"]
[Source "ChessBase"]
[SourceDate "2010.07.02"]
[SourceVersion "2"]
[SourceVersionDate "2010.07.15"]
[SourceQuality "1"]
[WhiteTeam "Navarra"]
[BlackTeam "Cantabria"]
[WhiteTeamCountry "ESP"]
[BlackTeamCountry "ESP"]

1. e4 c5 2. d3 Nc6 3. g3 e6 4. Bg2 d5 5. Nd2 b5 6. Ngf3 Qc7 7. 0-0 Nf6 8. Re1 Be7 9. h4 0-0 10. Nf1 Rd8 11. e5 Nd7 12. Bf4 Nb6 13. N1h2 Bd7 14. g4 Nd4 15. Bg3 Nxf3+ 16. Nxf3 Bc6 17. g5 Rac8 18. Kh2 Be8 19. Rg1 g6 20. Nd2 Bf8 21. Qg4 Bg7 22. Rh1 Bxe5 23. Kg1 Bxg3 24. fxg3 Qe7 25. h5 c4 26. hxg6 fxg6 27. dxc4 dxc4 28. Re1 Bd7 29. Qh4 Rf8 30. a4 Qc5+ 31. Kh2 Nxa4 32. Nf3 Qe7 33. Nd4 Nb6 34. Kg1 Rf7 35. Bh3 1-0